Statistiken für Fußball: 2. Ligisten Saison 2021/22 (2 Bundesliga)

Klicken Sie hier um das Quiz zu spielen!

Allgemein

  • Dieses Quiz wurde 215 mal gespielt
  • Das Durchschnittsergebnis liegt bei 14 aus 18

Antwortstatistiken

PlatzierungMannschaftPunkte% Korrekt
12Karlsruher SC41
97%
1FC Schalke 0465
95%
2SV Werder Bremen63
90%
5FC St. Pauli57
84%
3Hamburger SV60
84%
16SG Dynamo Dresden32
82%
4SV Darmstadt 9860
80%
81. FC Nürnberg51
76%
61. FC Heidenheim 184652
73%
11Hannover 9642
73%
14SV Sandhausen41
73%
18FC Ingolstadt 0421
71%
17FC Erzgebirge Aue26
66%
13F.C. Hansa Rostock41
66%
9Holstein Kiel45
66%
7SC Paderborn 0751
65%
15SSV Jahn Regensburg40
65%
10Fortuna Düsseldorf44
64%

Verteilung der Resultate

Perzentil nach korrekt beantworteten Fragen

Anzahl Personen mit jedem Resultat

Ihre Resultats-Entwicklung

Sie haben dieses Quiz noch nicht gespielt